000 00796nam a2200229 u 4500
001 000036774
005 20200930075929.0
008 120131s1983 sp a 000 0 spa d
020 _a8426105092
040 _aDO-SdBNP
_bspa
_cBNPHU
082 _axxxx
_bxxxx
100 1 _aZweig, Stefan,
_d1881-
_963104
245 1 4 _aLos ojos del hermano eterno y miedo /
_cStefan Zweing ; prólogo Carlos Soldevilla ; traducción José Fernández ; ilustraciones Lorenzo Goñi.
250 _a4a ed.
260 _aBarcelona, :
_bJuventud,
_c1983.
300 _a160 p. :
_bil. ;
_c18 cm.
490 1 _aLibros de bolsillo Z
_v55
700 1 _aSoldevilla, Carlos,
_epról.
_963105
700 1 _aFernández, José,
_etr.
_963106
700 1 _aGoñi, Lorenzo,
_eil.
_963107
830 0 _aLibros de bolsillo Z
_n55
_963108
999 _c36265
_d36265